Piłka nożna dwaj piłkarze - wspólny klub #6 - Statystyki

Ogólne statystyki
  • Ten quiz został rozwiązany 82 razy
  • Średni wynik to 10 z 15
Statystyki odpowiedzi
zawodnicy klub % Poprawnych
Toni Kroos i Mario Mandzukić Bayern Monachium
84%
Riccardo Orsolini i Kacper Urbański Bologna FC 1909
84%
Nabil Fekir i Memphis Depay Olympique Lyon
79%
Grzegorz Krychowiak i Christopher Nkunku PSG
77%
Gonzalo Higuain i Jorginho SSC Napoli
73%
Mario Balotelli i Steve Mandanda Olympique Marsylia
71%
Michael Owen i David Beckham Real Madryt
71%
Bruno Fernandes i Raphinha Sporting CP
71%
Zbigniew Boniek i Carlo Ancelotti AS Roma
64%
Wayne Rooney i Kamil Jóźwiak Derby County FC
64%
Lars Stindl Marcus Thuram Borussia Monchengladbach
59%
Łukasz Fabiański i Renato Sanches Swansea City AFC
57%
Lewis Dunk i Adam Webster Brigthon and Hove Albion FC
54%
Xherdan Shaqiri i Bojan Krkić Stoke City FC
46%
Gareth Bale i Giorgio Chiellini LA FC
39%
Nie znaleziono quizów pasujących do podanych kryteriów
Rozkład punktacji
Procent ludzi z każdym wynikiem
Percentyl według liczby udzielonych odpowiedzi
Twoja historia wyników
Nie rozwiązałeś tego quizu